| 000 | 01587cam a22003615a 4500 | ||
|---|---|---|---|
| 001 | ##L135656 | ||
| 008 | 061122s2006 xxk f 000 0 eng d | ||
| 020 | _a0955190975 | ||
| 035 | _a(Sirsi) u135656 | ||
| 041 | 0 | _aeng | |
| 050 | 0 | 4 | _a711.4 $2 18 |
| 100 | 1 | _aNorman, Jesse | |
| 245 | 0 | 0 |
_aLiving for the city _ba new agenda for green cities _h[electronic resource] |
| 260 |
_aLondon _bPolicy Exchange _c2006 |
||
| 505 | 1 | _aCities for biophiliacs -- Green growth -- The urban jungle -- Safer cities -- Healthy cities, dream estates -- Cities for everyone -- A manifesto for x-listing -- City of the future | |
| 520 | _aCollection of eight essays examining keys issues for today's cities. Considers the impact of city design on daily lives, how to make cities healthy and vibrant places to live, and addresses topics such as social segregation, crime, planning controls and environmental sustainability. Discussion spans the US, Germany and China as well as the UK. | ||
| 590 | _aKA | ||
| 651 | 4 | _aInternational | |
| 690 | _aENVIRONMENTAL AND LAND CONSULTANCY-PLANNING AND DEVELOPMENT | ||
| 700 | 1 | _aNickalls, S. | |
| 700 | 1 | _aKahn, Matthew E. | |
| 700 | 1 | _aMaxeiner, Dirk | |
| 700 | 1 | _aMiersch, Michael | |
| 700 | 1 | _aForeman, Jonathan | |
| 700 | 1 | _aHolmes, Chris | |
| 700 | 1 | _aKelly, Crispin | |
| 700 | 1 | _aO'Shaughnessy, James | |
| 700 | 1 | _aGirardet, Herbert | |
| 700 | 1 | _aHead, Peter | |
| 710 | 2 |
_aPolicy Exchange _95443 |
|
| 856 | 4 | 0 |
_uhttps://www.jessenorman.com/downloads/city_text.pdf _zView the item free of charge at www.jessenorman.com |
| 942 | _n0 | ||
| 999 |
_c106132 _d106132 |
||